| 000 | 00450nam a2200181Ia 4500 | ||
|---|---|---|---|
| 008 | 231221s9999 xx 000 0 und d | ||
| 020 | _a9780000000000 | ||
| 041 | _aEnglish | ||
| 082 | _a001.6424JAV VEN;1 | ||
| 100 | _aVenners, Bill. | ||
| 245 | 0 | _aInside the Java virtual machine | |
| 250 | _a2nd ed. | ||
| 260 |
_c1999 _bTMH _aNew Delhi |
||
| 300 | _axxxi, 703 | ||
| 300 | _c57685 | ||
| 650 | _aInside,Java,virtual,machine | ||
| 942 | _cCD | ||
| 999 |
_c210453 _d210453 |
||